000 00917nam a2200229 a 4500
001 52901
003 BD-RjUL
005 20211209075858.0
008 160928s1959 ii ||||| |||| 00| 0 ben d
020 _c: Tk. 4.00
035 _a(BD-RjUL)53021
040 _aBD-RjUL
_bben
_cBD-RjUL
041 _aben
082 _223
_a891.44109
_bBIB 1959
100 _a বিশী, শ্রীপ্রমথনাথ
_9123688
245 1 0 _aবাংলার কবি /
_cশ্রীপ্রমথনাথ বিশী
260 _aকলিকাতা :
_bশ্রীভূবনমোহন মজুমদার,
_c১৯৫৯ (১৩৬৬)
300 _a[১০], ১৫১ পৃ. :
_bচিত্র ;
_c১৮ সেমি.
650 _aবাংলা কবিতা
_xইতিহাস ও সমালোচনা
_9158158
650 _aBengali Poetry
_xHistory and Criticism
_9158159
942 _2ddc
_cBK
999 _c52901
_d52901